<?xml version="1.0" encoding="UTF-8"?>
<collection xmlns="http://www.loc.gov/MARC21/slim">
<record>
  <controlfield tag="001">171648</controlfield>
  <controlfield tag="005">20260527123126.0</controlfield>
  <datafield tag="024" ind1="7" ind2=" ">
    <subfield code="2">doi</subfield>
    <subfield code="a">10.1007/s11200-026-00022-9</subfield>
  </datafield>
  <datafield tag="024" ind1="8" ind2=" ">
    <subfield code="2">sideral</subfield>
    <subfield code="a">149364</subfield>
  </datafield>
  <datafield tag="037" ind1=" " ind2=" ">
    <subfield code="a">ART-2026-149364</subfield>
  </datafield>
  <datafield tag="041" ind1=" " ind2=" ">
    <subfield code="a">eng</subfield>
  </datafield>
  <datafield tag="100" ind1=" " ind2=" ">
    <subfield code="a">Oliva-Urcia, Belén</subfield>
    <subfield code="u">Universidad de Zaragoza</subfield>
    <subfield code="0">(orcid)0000-0003-1563-6434</subfield>
  </datafield>
  <datafield tag="245" ind1=" " ind2=" ">
    <subfield code="a">Reply to Comments by J. E. Cortes on Magnetic signature of the Camarena de la Sierra Jurassic Magmatism in the SE Iberian Chain (Teruel, Spain)</subfield>
  </datafield>
  <datafield tag="260" ind1=" " ind2=" ">
    <subfield code="c">2026</subfield>
  </datafield>
  <datafield tag="520" ind1="3" ind2=" ">
    <subfield code="a">We thank Dr. Cortés for the opportunity to clarify some of the points that were not totally explained in our manuscript and could lead to misinterpretations: In the first place we must make a recognition to the very detailed work done by Cortés (2020, 2023) and Cortés and Gómez (2016) that have contributed to shed light on the interesting extrusive magmatism of the Eastern Iberian Chain. We also want to say that we totally agree with the age precissions put forward by Cortés and that generalizations (in our case about volcanic products, trying to include all of them, specifically the lava flows studied by Dr. Cortés) can be misleading. We consider that in this case his precissions are totally welcome.</subfield>
  </datafield>
  <datafield tag="506" ind1="0" ind2=" ">
    <subfield code="a">Access copy available to the general public</subfield>
    <subfield code="f">Unrestricted</subfield>
  </datafield>
  <datafield tag="540" ind1=" " ind2=" ">
    <subfield code="9">info:eu-repo/semantics/openAccess</subfield>
    <subfield code="a">by</subfield>
    <subfield code="u">https://creativecommons.org/licenses/by/4.0/deed.es</subfield>
  </datafield>
  <datafield tag="655" ind1=" " ind2="4">
    <subfield code="a">info:eu-repo/semantics/article</subfield>
    <subfield code="v">info:eu-repo/semantics/publishedVersion</subfield>
  </datafield>
  <datafield tag="700" ind1=" " ind2=" ">
    <subfield code="a">Casas-Sainz, Antonio</subfield>
    <subfield code="u">Universidad de Zaragoza</subfield>
    <subfield code="0">(orcid)0000-0003-3652-3527</subfield>
  </datafield>
  <datafield tag="710" ind1="2" ind2=" ">
    <subfield code="1">2000</subfield>
    <subfield code="2">428</subfield>
    <subfield code="a">Universidad de Zaragoza</subfield>
    <subfield code="b">Dpto. Ciencias de la Tierra</subfield>
    <subfield code="c">Área Geodinámica Interna</subfield>
  </datafield>
  <datafield tag="773" ind1=" " ind2=" ">
    <subfield code="g">70, 1 (2026), 3</subfield>
    <subfield code="p">Stud. geophys. geod.</subfield>
    <subfield code="t">STUDIA GEOPHYSICA ET GEODAETICA</subfield>
    <subfield code="x">0039-3169</subfield>
  </datafield>
  <datafield tag="856" ind1="4" ind2=" ">
    <subfield code="s">492734</subfield>
    <subfield code="u">http://zaguan.unizar.es/record/171648/files/texto_completo.pdf</subfield>
    <subfield code="y">Versión publicada</subfield>
  </datafield>
  <datafield tag="856" ind1="4" ind2=" ">
    <subfield code="s">1502175</subfield>
    <subfield code="u">http://zaguan.unizar.es/record/171648/files/texto_completo.jpg?subformat=icon</subfield>
    <subfield code="x">icon</subfield>
    <subfield code="y">Versión publicada</subfield>
  </datafield>
  <datafield tag="909" ind1="C" ind2="O">
    <subfield code="o">oai:zaguan.unizar.es:171648</subfield>
    <subfield code="p">articulos</subfield>
    <subfield code="p">driver</subfield>
  </datafield>
  <datafield tag="951" ind1=" " ind2=" ">
    <subfield code="a">2026-05-27-11:25:44</subfield>
  </datafield>
  <datafield tag="980" ind1=" " ind2=" ">
    <subfield code="a">ARTICLE</subfield>
  </datafield>
</record>
</collection>